000 00513nam a2200217Ia 4500
003 OSt
005 20221005114833.0
006 a|||||r|||| 00| 0
007 ta
008 221004b |||||||| |||| 00| 0 guj d
024 _a40815
037 _cTextual
040 _aCRL
_cCRL
_bguj
041 _2guj
_aguj
082 _aV2316, 156G4
245 0 _aBhagavgenrav Survarn Granth
260 _c1934
650 _aHISTORY
942 _hV2316, 156G4
_cTEXL
_2cc
999 _c1032605
_d1032605